|
|
|
|
| LEADER |
01924nam a2200397 a 4500 |
| 001 |
EBC3035127 |
| 003 |
MiAaPQ |
| 005 |
20200520144314.0 |
| 006 |
m o d | |
| 007 |
cr cn||||||||| |
| 008 |
040227s2004 iluk s 001 0 eng |
| 010 |
|
|
|z 2004004765
|
| 020 |
|
|
|z 1572484667 (alk. paper)
|
| 035 |
|
|
|a (MiAaPQ)EBC3035127
|
| 035 |
|
|
|a (Au-PeEL)EBL3035127
|
| 035 |
|
|
|a (CaPaEBR)ebr10091920
|
| 035 |
|
|
|a (OCoLC)232157299
|
| 040 |
|
|
|a MiAaPQ
|c MiAaPQ
|d MiAaPQ
|
| 043 |
|
|
|a n-us-ma
|
| 050 |
|
4 |
|a KFM2552.Z9
|b O54 2004
|
| 082 |
0 |
4 |
|a 346.744/065
|2 22
|
| 100 |
1 |
|
|a O'Neill, Julia K.
|
| 245 |
1 |
0 |
|a How to start a business in Massachusetts
|h [electronic resource] /
|c by Julia K. O'Neill, Mark Warda.
|
| 250 |
|
|
|a 4th ed.
|
| 260 |
|
|
|a Naperville, Ill. :
|b Sphinx Pub.,
|c 2004
|g (2005 printing)
|
| 300 |
|
|
|a xiv, 224 p. :
|b forms.
|
| 490 |
1 |
|
|a Sphinx legal
|
| 500 |
|
|
|a Includes index.
|
| 505 |
0 |
|
|a Deciding to start a business -- Choosing the form of your business -- Your business name -- Financing your business -- Locating your business -- Licensing your business -- Contract laws -- Insurance -- Health and safety laws -- Employment and labor laws -- Advertising and promotion laws -- Payment and collection -- Business relations laws -- Endless laws -- Your business and the Internet -- Bookkeeping and accounting -- Paying federal taxes -- Paying Massachusetts taxes -- Out-of-state taxes -- The end...and the beginning.
|
| 533 |
|
|
|a Electronic reproduction. Ann Arbor, MI : ProQuest, 2015. Available via World Wide Web. Access may be limited to ProQuest affiliated libraries.
|
| 650 |
|
0 |
|a New business enterprises
|x Law and legislation
|z Massachusetts
|v Popular works.
|
| 655 |
|
4 |
|a Electronic books.
|
| 700 |
1 |
|
|a Warda, Mark.
|
| 710 |
2 |
|
|a ProQuest (Firm)
|
| 830 |
|
0 |
|a Sphinx legal.
|
| 856 |
4 |
0 |
|u https://ebookcentral.proquest.com/lib/matrademy/detail.action?docID=3035127
|z Click to View
|